00331nam a2200133Ia 4500008004100000100002000041245004200061250001200103260002800115300000800143650002400151942000700175999001500182190216s9999||||xx |||||||||||||| ||und|| aAlbert Cotton F 0aChemical Applications Of Group Theory a2nd Ed. bWiley Eastern Ltdc1971 a386 aChemistry-Chemistry cBK c2349d2349